ბათუმის შოთა რუსთაველის სახელმწიფო უნივერსიტეტის ბიბლიოთეკა

თხზულებათა ექვსტომეული. ტ. 1 (ბიბ.ჩანაწერი № 48657)

000 -LEADER
fixed length control field 01695nam a2200253Ia 4500
001 - CONTROL NUMBER
control field 15557
003 - CONTROL NUMBER IDENTIFIER
control field GE_BSU
008 - FIXED-LENGTH DATA ELEMENTS--GENERAL INFORMATION
fixed length control field 181216s||||||||xx |||||||||||||| ||und||
020 ## - INTERNATIONAL STANDARD BOOK NUMBER
International Standard Book Number 978-99940-837-9-4
040 ## - CATALOGING SOURCE
Transcribing agency GE_BSU
080 ## - UNIVERSAL DECIMAL CLASSIFICATION NUMBER
Universal Decimal Classification number 821.353.1 + 821.353.1-32
100 ## - MAIN ENTRY--PERSONAL NAME
Personal name დოჩანაშვილი, გ. (გურამ)
245 ## - TITLE STATEMENT
Title თხზულებათა ექვსტომეული. ტ. 1
245 ## - TITLE STATEMENT
Remainder of title მოთხრობები
245 ## - TITLE STATEMENT
Statement of responsibility, etc. მხატვ. ვახტანგ რურუა
260 ## - PUBLICATION, DISTRIBUTION, ETC.
Place of publication, distribution, etc. თბილისი
260 ## - PUBLICATION, DISTRIBUTION, ETC.
Name of publisher, distributor, etc. [აისი] (ს. ს. "პირველი სტამბა
260 ## - PUBLICATION, DISTRIBUTION, ETC.
Date of publication, distribution, etc. 2007
300 ## - PHYSICAL DESCRIPTION
Extent 579 გვ.პორტრ.22 სმ.
653 ## - INDEX TERM--UNCONTROLLED
Uncontrolled term თავფარავნელი ჭაბუკი; ხორუმი ქართული ცეკვაა (პიესა); იოჰან სებასტიან ბახი; იქამდე; ჩემი ბუჭუტა, ჩვენი ტერეზა; საქმე
653 ## - INDEX TERM--UNCONTROLLED
Uncontrolled term მთის გადაღმა; პირველი კონცერტი; თანამგზავრი; მუსიკოსი; აჩხოტელების ბატონი; მთვარიანი ღამე; მიხეილი და ალექსანდრე; ნაბიჯი
653 ## - INDEX TERM--UNCONTROLLED
Uncontrolled term მხიარული ბორცვი; იგი სიყვარულისთვის იყო გაჩენილი, ანუ გრიშა და მთავარი; ათასი წვრილმანი; ყველაზე კარგი პაპა;
942 ## - ADDED ENTRY ELEMENTS (KOHA)
Koha item type წიგნი
ეგზემპლარები
Withdrawn status Lost status Damaged status Not for loan Date acquired Barcode Date last seen Price effective from Koha item type
        2018-12-17 38754 2018-12-17 2018-12-17 წიგნი